Historia państwa-Azerbejdżan - Statystyki

Ogólne statystyki
  • Ten quiz został rozwiązany 9 razy
  • Średni wynik to 1 z 7
Statystyki odpowiedzi
Które z kolei Państwo % Poprawnych
7 Azerbejdżan
86%
1 Albania Kaukaska
14%
3 Azerska Republika Ludowa
14%
2 Demokratyczna Republika Azerbejdżanu
0%
6 Socjalistyczna Republika Radziecka Azerbejdżanu
0%
4 Socjalistyczna Republika Radziecka Azerbejdżanu / SRRA
0%
5 Zakaukaska Socjalistyczna Republika Radziecka / ZKSRR
0%
Nie znaleziono quizów pasujących do podanych kryteriów
Rozkład punktacji
Procent ludzi z każdym wynikiem
Percentyl według liczby udzielonych odpowiedzi
Twoja historia wyników
Nie rozwiązałeś tego quizu